Famous Howards Quiz Stats

 Plays Quiz Updated Jul 24, 2018

Score 0/20 Timer 06:00
1 Play Today
Hint Answer % Correct
The subject of the 2004 bio-pic 'The Aviator' Howard Hughes
82.2%
'Shock jock' and self described 'King of all Media'Howard Stern
76.6%
Little Opie Cunningham, also has directed a movie or twoRon Howard
71.9%
U.S. based hotel chain with a blue logoHoward Johnson's
67.9%
25th Prime Minister of AustraliaJohn Howard
59.1%
27th President of the United States and later the 10th Chief Justice of the United StatesWilliam Howard Taft
53%
Long time commentator for Monday Night Football Howard Cosell
52.8%
2006 National League MVP or the Temp from 'The Office'Ryan Howard
52.6%
All-Star center for the Houston RocketsDwight Howard
50.1%
Leader of the Three StoogesMoe Howard
46.4%
Hint Answer % Correct
Former presidential candidate and DNC chairman, and quite the screamerHoward Dean
45.7%
Comic book character and later a 1986 film with Lea ThompsonHoward the Duck
42.9%
Actor from 'Crash' 'Hustle and Flow' and 'Iron Man'Terrence Howard
33.3%
E. M. Forster novel and later an Anthony Hopkins filmHowards End
29.6%
Adulterous and later headless fifth wife of Henry VIII Catherine Howard
28.8%
80s singer with the hits ''Things Can Only Get Better' and 'No One Is to Blame''Howard Jones
18.4%
WKRP's Dr. Johnny FeverHoward Hesseman
15.9%
Ayn Rand's 'The Fountainhead' protagonistHoward Roark
10.4%
Film score composer best known for 'Lord of the Rings' and 'the Hobbit' trilogiesHoward Shore
7.1%
Chairman and Former CEO of StarbucksHoward Schultz
5.9%

You're not logged in!

Compare scores with friends on all Sporcle quizzes.
OR
Log In

You Might Also Like...

Show Comments

Extras

Top Quizzes Today


Score Distribution

Your Account Isn't Verified!

In order to create a playlist on Sporcle, you need to verify the email address you used during registration. Go to your Sporcle Settings to finish the process.

Report this User

Report this user for behavior that violates our Community Guidelines.

Details: